[Event "Plaisance Ferme de L'Houme Op-B 4th"]
[Site "?"]
[Date "2020.02.08"]
[Round "2.1"]
[White "BARDIN, Michel"]
[Black "BILHERAN, Jean-Claude"]
[Result "1-0"]
[WhiteElo "1328"]
[BlackElo "1600"]
[PlyCount "55"]

1. d4 d5 2. Bf4 e6 3. e3 Nf6 4. Nd2 b6 5. c3 Nbd7 6. Bd3 c5 7. Ngf3 Bb7 8. Qe2
Ne4 9. Ne5 Nxe5 10. Bxe5 f6 11. Bf4 Be7 12. Bb5+ Kf7 13. Nxe4 dxe4 14. Ba6 Qc8
15. Bxb7 Qxb7 16. h4 b5 17. dxc5 Bxc5 18. Qh5+ g6 19. Qxc5 Rac8 20. Qb4 Rc4 21.
Qb3 a5 22. a4 Rc5 23. O-O g5 24. hxg5 fxg5 25. Bh2 Qe7 26. f4 Ke8 27. Rad1 Rg8
28. f5 1-0

[Event "Plaisance Ferme de L'Houme Op-B 4th"]
[Site "?"]
[Date "2020.02.08"]
[Round "2.2"]
[White "ESTADIEU, Bruno"]
[Black "MENDI, Eduardo"]
[Result "0-1"]
[WhiteElo "1326"]
[BlackElo "1554"]
[PlyCount "88"]

1. b4 d5 2. Bb2 e6 3. e3 Nf6 4. b5 Be7 5. a4 c6 6. Nc3 O-O 7. Nf3 Nbd7 8. Ba3
c5 9. d4 Qc7 10. Ne2 Ne4 11. Bb2 Ndf6 12. c3 Ng4 13. Qc2 Ngxf2 14. Rg1 c4 15.
Nc1 Ng4 16. g3 Nxe3 17. Qe2 Nxf1 18. Qxf1 f5 19. Ne5 Bg5 20. Nf3 Be7 21. Ne2
Bd7 22. Ne5 Be8 23. Nf4 Bd7 24. Qh3 Ng5 25. Qg2 Bd6 26. Nxd7 Qxd7 27. Ba3 Bxa3
28. Rxa3 Qd6 29. Ra1 Ne4 30. Qc2 Rae8 31. Ne2 e5 32. Kd1 Nf2+ 33. Kc1 Nd3+ 34.
Kb1 a6 35. Nc1 e4 36. Ra2 axb5 37. Nxd3 cxd3 38. Qb3 bxa4 39. Rxa4 b5 40. Ra5
Rb8 41. Kc1 Qc6 42. Kd2 Qc4 43. Rb1 b4 44. cxb4 Rxb4 0-1

[Event "Plaisance Ferme de L'Houme Op-B 4th"]
[Site "?"]
[Date "2020.02.08"]
[Round "2.4"]
[White "GRIMAULT, Lou"]
[Black "COUET, Justin"]
[Result "0-1"]
[WhiteElo "1493"]
[BlackElo "1343"]
[PlyCount "152"]

1. e4 g6 2. d4 Bg7 3. Nc3 d6 4. Be3 Nf6 5. Bc4 O-O 6. Qd2 Nbd7 7. Nf3 a6 8. a4
c5 9. h3 cxd4 10. Nxd4 Nc5 11. f3 b6 12. O-O Bb7 13. Qf2 Rc8 14. Ba2 Re8 15.
Rad1 Qd7 16. b3 Nxb3 17. Nxb3 Rxc3 18. Bxb6 Rec8 19. Bb1 Qxa4 20. Bd4 R3c7 21.
e5 dxe5 22. Bxe5 Rc6 23. Qa7 Qb4 24. Bg3 Qb6+ 25. Qxb6 Rxb6 26. Bf2 Re6 27. Nc5
Rb6 28. Rfe1 Bf8 29. Rd2 Rb5 30. Nd7 Nxd7 31. Rxd7 e6 32. Red1 Bd5 33. Ra7 Ra8
34. Rxa8 Bxa8 35. c4 Ra5 36. Bd3 Bc6 37. Rb1 Bc5 38. Bxc5 Rxc5 39. Rb6 Ba4 40.
Rb4 Bd7 41. Rb7 Bc8 42. Rb8 Kg7 43. Kf2 Kf6 44. Ke3 e5 45. Kd2 Kg5 46. Ra8 a5
47. Ra7 Be6 48. Kc3 Kf4 49. Rb7 Kg3 50. Rb2 f5 51. Ra2 Kf4 52. Re2 Bd7 53. Kb3
a4+ 54. Kb4 Rc8 55. Bc2 Be6 56. Bd3 Bd7 57. Bc2 Ra8 58. c5 Bc6 59. Rd2 e4 60.
fxe4 fxe4 61. Rd6 a3 62. Bb1 a2 63. Bxa2 Rxa2 64. Rxc6 Rxg2 65. Re6 Kf3 66. c6
Rc2 67. Kb3 Rc1 68. Rf6+ Kg3 69. Kb4 e3 70. Re6 e2 71. Rxe2 Rxc6 72. Re3+ Kh4
73. Kb3 Rf6 74. Kc3 Rf5 75. Kd4 Rg5 76. Ke4 Rg3 0-1

[Event "Plaisance Ferme de L'Houme Op-B 4th"]
[Site "?"]
[Date "2020.02.08"]
[Round "2.5"]
[White "PAQUET, Louis"]
[Black "BAUMGARTNER, Georges"]
[Result "1/2-1/2"]
[WhiteElo "1348"]
[BlackElo "1490"]
[PlyCount "61"]

1. d4 Nf6 2. c4 g6 3. Nc3 Bg7 4. e4 d6 5. Nge2 O-O 6. Ng3 Nc6 7. Be2 e5 8. d5
Nb8 9. h4 c6 10. h5 cxd5 11. exd5 Re8 12. hxg6 hxg6 13. Bg5 Qa5 14. Qd2 Nbd7
15. Bh6 Bh8 16. O-O-O e4 17. Qf4 Nh7 18. Ngxe4 Be5 19. Qd2 Ndf6 20. Nxf6+ Bxf6
21. Bd3 Bd7 22. Ne4 Qxd2+ 23. Rxd2 Be7 24. Bf4 Rac8 25. Bxd6 f5 26. Nc5 Bxd6
27. Nxd7 Bf4 28. b4 b5 29. c5 Rc7 30. c6 Rd8 31. Kd1 1/2-1/2

[Event "Plaisance Ferme de L'Houme Op-B 4th"]
[Site "?"]
[Date "2020.02.08"]
[Round "2"]
[White "TAILLEPIE, Adeline"]
[Black "FESIGNY, Oceane"]
[Result "0-1"]
[WhiteElo "1230"]
[BlackElo "1426"]
[PlyCount "54"]

1. d4 d5 2. c4 e6 3. Nc3 Nf6 4. Bg5 Be7 5. e3 Nbd7 6. Nf3 O-O 7. Be2 b6 8. O-O
Bb7 9. cxd5 Nxd5 10. Bxe7 Qxe7 11. Rc1 c5 12. dxc5 Nxc5 13. b4 Nxc3 14. Rxc3
Ne4 15. Rb3 Bd5 16. Rb2 Rfd8 17. Nd4 Rac8 18. a3 Qg5 19. Nf3 Qf6 20. Rc2 Bb3
21. Qxd8+ Rxd8 22. Rcc1 h6 23. Nd4 Bd5 24. Nb5 Qg5 25. f4 Qf6 26. Nc7 Qb2 27.
Bf3 Nd2 0-1

[Event "Plaisance Ferme de L'Houme Op-B 4th"]
[Site "?"]
[Date "2020.02.08"]
[Round "2.13"]
[White "GRAMONT, Francois"]
[Black "MAZIARZ, Martin"]
[Result "1-0"]
[WhiteElo "1372"]
[BlackElo "1229"]
[PlyCount "107"]

1. e4 c5 2. Nf3 Nc6 3. d4 cxd4 4. Nxd4 e5 5. Nb3 Nf6 6. Bd3 d5 7. N1d2 Bg4 8.
f3 Be6 9. O-O Be7 10. h3 O-O 11. Re1 Qb6+ 12. Kh1 Rfd8 13. Qe2 Nh5 14. Nf1 Nf4
15. Qe3 d4 16. Qf2 Qc7 17. Ng3 Nb4 18. Rd1 Bh4 19. Kh2 h6 (19... Nh5) 20. Qf1
Nbxd3 21. cxd3 Nxd3 22. Qxd3 Bc4 23. Qd2 d3 24. Qa5 b6 25. Qc3 Rac8 26. Bd2 Qd6
27. Qb4 Qg6 28. Nf5 Bg5 29. Bxg5 Qxg5 30. Ne7+ Kh7 31. Nxc8 Rxc8 32. Rac1 b5 (
32... Bxb3) 33. Nd2 Be6 34. Rxc8 Bxc8 35. Qxb5 Be6 36. Qxd3 Qf4+ 37. Kh1 g5 38.
Nf1 h5 39. Ne3 g4 40. Nf5 gxh3 41. gxh3 Qg5 42. Rg1 Qf6 43. Qe3 Bxf5 44. exf5
Qxf5 45. Qe4 Qxe4 46. fxe4 h4 47. b4 a6 48. a4 Kh6 49. b5 axb5 50. axb5 Kh5 51.
b6 Kh6 52. b7 f5 53. b8=Q Kh5 54. Qh8# 1-0

[Event "Plaisance Ferme de L'Houme Op-B 4th"]
[Site "?"]
[Date "2020.02.08"]
[Round "2.17"]
[White "BERRAD, Ines"]
[Black "BARRAU, Leanna"]
[Result "0-1"]
[WhiteElo "1155"]
[BlackElo "1408"]
[PlyCount "86"]

1. e4 c5 2. Nc3 Nc6 3. Bb5 g6 4. Bxc6 bxc6 5. Nf3 Bg7 6. d3 Nf6 7. h3 O-O 8.
O-O d6 9. Be3 Rb8 10. Rb1 Qc7 11. Qd2 Ba6 12. b3 Nd7 13. Bh6 Bb7 14. Bxg7 Kxg7
15. Rfe1 e6 16. Qf4 e5 17. Qh4 Qd8 18. Qg3 Nf6 19. Qh4 Nh5 20. Qxd8 Rbxd8 21.
Nh4 Rfe8 22. Re3 d5 23. exd5 cxd5 24. Na4 d4 25. Re2 Nf4 26. Ree1 Rc8 27. Nb2
e4 28. dxe4 Rxe4 29. Nc4 Nxh3+ 30. gxh3 Rxh4 31. Re7 Bd5 32. Kh2 Ra8 33. Ne5
Re4 34. c4 dxc3 35. Rc1 Kf8 36. Nxg6+ hxg6 37. Rd7 Be6 38. Rc7 Re2 39. Rxc3
Rxf2+ 40. Kg1 Rxa2 41. R7xc5 Rd8 42. Rc1 Rdd2 43. Rg5 Bxh3 0-1

[Event "Plaisance Ferme de L'Houme Op-B 4th"]
[Site "?"]
[Date "2020.02.08"]
[Round "2.26"]
[White "CHANTHAVONGSA, Nouaym"]
[Black "ROULLEAUX, Nicolas"]
[Result "1-0"]
[WhiteElo "1299"]
[BlackElo "1181"]
[PlyCount "103"]

1. d4 d5 2. c4 e6 3. Nf3 Nf6 4. Bg5 Be7 5. Nc3 a6 6. e3 h6 7. Bf4 Nc6 8. Bd3
Bd6 9. Bg3 Bxg3 10. hxg3 Qe7 11. cxd5 exd5 12. Qe2 Bd7 13. O-O-O Nb4 14. Ne5
Nxd3+ 15. Qxd3 O-O-O 16. Kb1 Be6 17. Ka1 Ng4 18. Nxg4 Bxg4 19. f3 Be6 20. Rc1
f5 21. Ne2 Rd6 22. Nf4 Bd7 23. Rc2 Bb5 24. Qxf5+ Kb8 25. Ng6 Rxg6 26. Qxg6 Rg8
27. Rhc1 Rc8 28. Qf5 Bd7 29. Qxd5 Bc6 30. Qb3 Qe8 31. Rxc6 b5 32. Rxa6 c6 33.
Rb6+ Ka7 34. Rbxc6 Rxc6 35. Rxc6 Qxc6 36. Kb1 Kb6 37. Qc3 Qg6+ 38. e4 Qxg3 39.
Qc5+ Ka5 40. b4+ Ka4 41. Qc2+ Kxb4 42. Qb3+ Ka5 43. Qa3+ Kb6 44. Qc1 Qxg2 45.
Qc5+ Ka5 46. Qa7+ Kb4 47. Qc5+ Ka5 48. d5 g5 49. d6 Qxf3 50. e5 Qe4+ 51. Kb2
Ka4 52. Qa3# 1-0

[Event "Plaisance Ferme de L'Houme Op-B 4th"]
[Site "?"]
[Date "2020.02.08"]
[Round "2.31"]
[White "CHAREYRE, Matthieu"]
[Black "AUTHIER, Clea"]
[Result "1/2-1/2"]
[WhiteElo "1099"]
[BlackElo "1267"]
[PlyCount "57"]

1. e4 c5 2. Nf3 Nc6 3. Bc4 e6 4. O-O g6 5. d4 cxd4 6. Nxd4 Bg7 7. Nxc6 bxc6 8.
c3 Ne7 9. Bg5 d5 10. exd5 exd5 11. Bb3 O-O 12. Qe2 Be6 13. Nd2 Qd7 14. Rad1 Bg4
15. f3 Be6 16. Ne4 Qc7 17. Nf6+ Bxf6 18. Bxf6 Qb6+ 19. Kh1 Nf5 20. Bg5 Rfe8 21.
Rfe1 Bd7 22. Qd3 Qf2 23. Bd2 Nh4 24. Rg1 Re2 25. Be1 Rxe1 26. Rdxe1 Qxb2 27. c4
Bf5 28. Qe2 Qd4 29. Qd1 1/2-1/2

[Event "Plaisance Ferme de L'Houme Op-B 4th"]
[Site "?"]
[Date "2020.02.08"]
[Round "2.33"]
[White "GRIMAULT, Stephanie"]
[Black "SAYAH, Nourine"]
[Result "1-0"]
[WhiteElo "1233"]
[BlackElo "1034"]
[PlyCount "77"]

1. c4 d6 2. g3 Nc6 3. Bg2 Bd7 4. Nf3 e5 5. O-O Nf6 6. e3 Nb4 7. d4 e4 8. Nfd2
Bc6 9. Nc3 Qe7 10. a3 Na6 11. b4 Nb8 12. d5 Qe5 13. Bb2 Bd7 14. Qc2 Ng4 15.
Ncxe4 Qh5 16. h3 Ne5 17. c5 Bxh3 18. Qd1 Ng4 19. Qf3 Nd7 20. Bxh3 Qxh3 21. Qg2
Qh5 22. c6 b6 23. a4 Ndf6 24. Qh1 Qg6 25. Nxf6+ gxf6 26. Qe4+ Ne5 27. Qxg6 fxg6
28. Ne4 Ke7 29. Kg2 Bg7 30. Nc3 h5 31. Nb5 Kd8 32. Nd4 Ke7 33. Ne6 Rac8 34.
Nxg7 Nxc6 35. dxc6 h4 36. Rh1 Rh7 37. Rxh4 Rxg7 38. Re4+ Kf7 39. Rf4 1-0

[Event "Plaisance Ferme de L'Houme Op-B 4th"]
[Site "?"]
[Date "2020.02.08"]
[Round "2.34"]
[White "MAZIARZ, Antoine"]
[Black "BERRAD, Adam"]
[Result "1-0"]
[WhiteElo "1226"]
[BlackElo "1020"]
[PlyCount "77"]

1. d4 Nf6 2. c4 e6 3. Nf3 Nc6 4. g3 d5 5. b3 Be7 6. Bg2 dxc4 7. bxc4 O-O 8. O-O
h6 9. Bb2 Re8 10. Qc2 Bd7 11. Rd1 Bd6 12. e4 Nb4 13. Qe2 Ba4 14. Rd2 c6 15. e5
Bc7 16. exf6 Qxf6 17. Nc3 Qf5 18. Nxa4 b5 19. Nc5 bxc4 20. Qxc4 Nd5 21. Re2
Rab8 22. Na6 Rbc8 23. Nxc7 Rxc7 24. Ne5 Rb7 25. Qxc6 Reb8 26. Bxd5 exd5 27. Bc1
Rb1 28. Rxb1 Qxb1 29. Re1 Qxa2 30. Qc7 Rf8 31. Nd7 Ra8 32. Re7 Qa4 33. Ne5 Qd1+
34. Kg2 Qh5 35. Rxf7 Kh7 36. Rxg7+ Kh8 37. Ng6+ Qxg6 38. Rxg6 Rg8 39. Rxh6# 1-0

[Event "Plaisance Ferme de L'Houme Op-B 4th"]
[Site "?"]
[Date "2020.02.08"]
[Round "3.1"]
[White "MORENO-CHABOT, Clement"]
[Black "PERROUIN, Alexian"]
[Result "1/2-1/2"]
[WhiteElo "1380"]
[BlackElo "1559"]
[PlyCount "58"]

1. d4 d5 2. c4 c6 3. Nf3 Bf5 4. Nc3 e6 5. Qb3 Qc7 6. g3 Nd7 7. Bg2 Qb6 8. O-O
Ngf6 9. cxd5 Qxb3 10. axb3 exd5 11. Re1 Bb4 12. Bf4 O-O 13. Ra4 a5 14. Rea1 Bc2
15. Nd2 Rfe8 16. e3 Ne4 17. Bxe4 dxe4 18. Rc1 Bd3 19. Rca1 Bc2 20. Rc1 Bd3 21.
Rca1 f6 22. Ncxe4 Bxe4 23. Nxe4 Rxe4 24. Rxb4 b5 25. Bc7 Ra7 26. Bd6 Nb6 27.
Bc5 Rb7 28. Bxb6 axb4 29. Bc5 Kf7 1/2-1/2

[Event "Plaisance Ferme de L'Houme Op-B 4th"]
[Site "?"]
[Date "2020.02.08"]
[Round "3.2"]
[White "MENDI, Eduardo"]
[Black "GRAMONT, Francois"]
[Result "1/2-1/2"]
[WhiteElo "1554"]
[BlackElo "1372"]
[PlyCount "63"]

1. d4 d5 2. c4 e6 3. Nc3 Be7 4. e3 Nf6 5. Nf3 O-O 6. cxd5 exd5 7. h3 h6 8. Bd3
Be6 9. O-O Nbd7 10. b3 a6 11. Bb2 c5 12. dxc5 Nxc5 13. Bc2 Qc7 14. Rc1 Qb8 15.
Nd4 Qe5 16. Nf3 Qd6 17. Ne2 Nce4 18. Be5 Qd7 19. Nf4 Rac8 20. Nxe6 Qxe6 21. Qd3
Rfd8 22. Bd4 Ba3 23. Rcd1 Bc5 24. Bb2 Bb4 25. Qe2 Bc3 26. Bxe4 Qxe4 27. Bxc3
Rxc3 28. Rd4 Qe6 29. Rd3 Rdc8 30. Nd4 Qe4 31. Rxc3 Rxc3 32. Rd1 1/2-1/2

[Event "Plaisance Ferme de L'Houme Op-B 4th"]
[Site "?"]
[Date "2020.02.08"]
[Round "3.3"]
[White "COUET, Justin"]
[Black "PARPINEL, Mario"]
[Result "1-0"]
[WhiteElo "1343"]
[BlackElo "1489"]
[Annotator "Charruyer,Baptiste"]
[PlyCount "105"]

1. e4 d6 2. d4 Nf6 3. f3 e6 4. Nc3 Be7 5. Be3 Nbd7 6. Bc4 O-O 7. Nge2 Nb6 8.
Bb3 c6 9. Qd2 d5 10. e5 Nfd7 11. O-O f5 12. a4 Bb4 13. Bg5 Qe8 14. Ba2 Ba5 15.
Qc1 Nc4 16. b3 Ncb6 17. Qa3 Rf7 18. b4 Bxb4 19. Qxb4 h6 20. Bh4 g5 21. Bf2 a5
22. Qa3 Rg7 23. Nd1 f4 24. Be1 h5 25. Nf2 Qg6 26. Qd3 Qh6 27. Bd2 Nf8 28. Rab1
Nbd7 29. c4 Ng6 30. cxd5 cxd5 31. Rb5 b6 32. Nc3 Ba6 33. Nxd5 Nh4 34. Nc7 Bxb5
35. Bxe6+ Qxe6 36. axb5 Qh6 37. Nxa8 Nf8 38. Nxb6 Qxb6 39. Ne4 Nd7 40. g3 Nxe5
41. Qb3+ Kh8 42. gxh4 Qxd4+ 43. Kh1 gxh4 44. Bc3 Qd3 45. Nd2 Qe2 $2 (45... Qg6
$3) 46. Rg1 Rxg1+ 47. Kxg1 h3 48. Bxe5+ Qxe5 49. Kf2 Qg7 50. b6 Qb7 51. Qc3+
Kg8 52. Qxa5 Qg7 53. Qa8+ 1-0

[Event "Plaisance Ferme de L'Houme Op-B 4th"]
[Site "?"]
[Date "2020.02.08"]
[Round "3.4"]
[White "GRIMAULT, Leane"]
[Black "SAYAH-HOBON, Noah"]
[Result "1-0"]
[WhiteElo "1455"]
[BlackElo "1358"]
[PlyCount "89"]

1. c4 c5 2. g3 e6 3. Bg2 d5 4. Nf3 Nf6 5. O-O Be7 6. b3 Nc6 7. Bb2 O-O 8. d4
dxc4 9. bxc4 cxd4 10. Nxd4 Bc5 11. Nxc6 bxc6 12. Qxd8 Rxd8 13. Bxc6 Rb8 14. Be5
Rb6 15. Bc7 Rxc6 16. Bxd8 Bd4 17. Bxf6 Bxf6 18. Nd2 Bxa1 19. Rxa1 g6 20. Rc1 f5
21. c5 Kg7 22. Nf3 a6 23. Ne5 Rc7 24. c6 Kf6 25. f4 g5 26. Kf2 gxf4 27. gxf4
Ke7 28. Rd1 a5 29. Ke3 Ba6 30. a4 Bc4 31. Nxc4 Rxc6 32. Nxa5 Ra6 33. Nc4 Rxa4
34. Ne5 Re4+ 35. Kf3 Kf6 36. Rd7 Rxe5 37. fxe5+ Kxe5 38. Rxh7 Kf6 39. h4 e5 40.
h5 Kg5 41. h6 e4+ 42. Kf2 f4 43. Rh8 Kg6 44. Rf8 Kxh6 45. Rxf4 1-0

[Event "Plaisance Ferme de L'Houme Op-B 4th"]
[Site "?"]
[Date "2020.02.08"]
[Round "3.5"]
[White "FESIGNY, Oceane"]
[Black "BARDIN, Michel"]
[Result "*"]
[WhiteElo "1426"]
[BlackElo "1328"]
[PlyCount "75"]

1. e4 c5 2. Nf3 g6 3. d4 cxd4 4. Qxd4 Nf6 5. e5 Nc6 6. Qc3 Nd5 7. Qd2 e6 8. Bc4
Nb6 9. Bb5 Bg7 10. Bxc6 bxc6 11. Nc3 Qc7 12. Qf4 O-O 13. O-O Bb7 14. Re1 f6 15.
exf6 Qxf4 16. Bxf4 Bxf6 17. Be5 Nc4 18. Bxf6 Rxf6 19. Ne4 Rf5 20. b3 d5 21. Ng3
Rxf3 22. gxf3 Na3 23. Rxe6 Nxc2 24. Rd1 Kf7 25. Re2 Nb4 26. Rde1 Ba6 27. Re7+
Kg8 28. Re8+ Rxe8 29. Rxe8+ Kf7 30. Ra8 Bd3 31. Rxa7+ Kf6 32. Rc7 Nxa2 33.
Rxc6+ Ke5 34. Rc7 h5 35. h4 Kd6 36. Rc8 Ke5 37. Nf1 Nc3 38. Rxc3 *

[Event "Plaisance Ferme de L'Houme Op-B 4th"]
[Site "?"]
[Date "2020.02.08"]
[Round "3.9"]
[White "VALDMAN, Andrei"]
[Black "PAQUET, Louis"]
[Result "1/2-1/2"]
[WhiteElo "1478"]
[BlackElo "1318"]
[PlyCount "74"]

1. e4 e6 2. d4 d5 3. Nd2 Nf6 4. e5 Nfd7 5. Bd3 c5 6. c3 Nc6 7. Ne2 Qb6 8. Nf3
Be7 9. O-O f6 10. exf6 Nxf6 11. Bc2 O-O 12. Re1 cxd4 13. Nexd4 Nxd4 14. cxd4
Bd7 15. b3 Rac8 16. Bg5 Bb4 17. Bd2 Bc3 18. Bxc3 Rxc3 19. Rc1 Rfc8 20. Qd2 Qc7
21. Re2 Bb5 22. Bxh7+ Nxh7 23. Rxc3 Qxc3 24. Qxc3 Rxc3 25. Rxe6 Rc1+ 26. Re1
Rxe1+ 27. Nxe1 Ng5 28. g3 Be2 29. f4 Nf3+ 30. Kf2 Nxe1 31. Kxe1 Bg4 32. Kf2 a5
33. a3 Bd1 34. b4 a4 35. h3 Kf7 36. g4 g6 37. Kg3 Ke6 1/2-1/2

[Event "Plaisance Ferme de L'Houme Op-B 4th"]
[Site "?"]
[Date "2020.02.08"]
[Round "3.15"]
[White "DE BARALLE, Michel"]
[Black "BENSUSSAN, Francois"]
[Result "1-0"]
[WhiteElo "1272"]
[BlackElo "1436"]
[PlyCount "69"]
[EventDate "2020.??.??"]
[SourceVersionDate "2020.03.22"]

1. d4 g6 2. c4 Bg7 3. Nc3 d6 4. Nf3 c6 5. e4 Nd7 6. Be2 Qc7 7. O-O e6 8. Bg5 h6
9. Bf4 e5 10. Bg3 Ne7 11. d5 c5 12. h3 a6 13. Bh2 O-O 14. Rb1 Nb6 15. Qd2 f5
16. exf5 Bxf5 17. Bd3 Rae8 18. Bxf5 Nxf5 19. b3 e4 20. Ne1 Bd4 21. Nc2 e3 22.
fxe3 Nxe3 23. Rxf8+ Kxf8 24. Nxd4 cxd4 25. Qxd4 Nf5 26. Qh8+ Kf7 27. Qh7+ Ng7
28. Rf1+ Ke7 29. Qxg7+ Kd8 30. Qxc7+ Kxc7 31. Rf7+ Kb8 32. Bxd6+ Ka8 33. Re7
Rf8 34. Re1 Nc8 35. Bxf8 1-0

[Event "Plaisance Ferme de L'Houme Op-B 4th"]
[Site "?"]
[Date "2020.02.08"]
[Round "3.16"]
[White "MONTEUIL, Damien"]
[Black "GRIMAULT, Stephanie"]
[Result "1-0"]
[WhiteElo "1436"]
[BlackElo "1233"]
[PlyCount "61"]
[EventDate "2020.??.??"]
[SourceVersionDate "2020.03.22"]

1. e4 d5 2. exd5 Qxd5 3. Nc3 Qa5 4. d4 Nf6 5. Nf3 Bg4 6. Be2 Nc6 7. Bd2 O-O-O
8. Ne4 Qb6 9. Nxf6 gxf6 10. c3 e6 11. b4 Ne7 12. a4 Qd6 13. a5 Nd5 14. g3 e5
15. dxe5 Qe7 16. exf6 Nxf6 (16... Qe4) 17. O-O Ne4 18. Nd4 Bh3 19. Re1 (19.
Bg4+) 19... h5 20. Bf3 f5 21. a6 Qf6 22. axb7+ Kb8 23. Qa4 Qb6 24. Nc6+ Kxb7
25. Nxd8+ Kb8 26. Be3 Nxc3 27. Qxa7+ Qxa7 28. Nc6+ Kc8 29. Rxa7 Kd7 30. Ne5+
Ke6 31. Bf4 1-0

[Event "Plaisance Ferme de L'Houme Op-B 4th"]
[Site "?"]
[Date "2020.02.08"]
[Round "3.18"]
[White "ROBIN, Patrice"]
[Black "CHARRUYER, Baptiste"]
[Result "0-1"]
[WhiteElo "1230"]
[BlackElo "1361"]
[PlyCount "66"]
[EventDate "2020.??.??"]
[SourceVersionDate "2020.03.22"]

1. e4 d5 2. exd5 Nf6 3. Nc3 Nxd5 4. Bd3 Nc6 5. Bb5 Qd6 6. Nge2 Bg4 7. h3 Nxc3
8. Bxc6+ Qxc6 9. bxc3 Qxg2 10. Rf1 Bxh3 11. Ng3 Qd5 12. Rh1 Bg2 13. Rh5 Qe6+
14. Qe2 Qxe2+ 15. Nxe2 Bf3 16. Re5 Bxe2 17. Rxe2 h5 18. Ba3 e6 19. Bb2 h4 20.
O-O-O O-O-O 21. f3 Rd5 22. c4 Rf5 23. Rf1 Rh7 24. Bd4 h3 25. Rh2 Bd6 26. Rhh1
Rf4 27. Bxa7 b6 28. Bxb6 cxb6 29. Kb2 Rxc4 30. Kb3 Rhh4 31. c3 Ra4 32. Rb1 h2
33. Kc2 Rxa2+ 0-1

[Event "Plaisance Ferme de L'Houme Op-B 4th"]
[Site "?"]
[Date "2020.02.08"]
[Round "3.26"]
[White "AUTHIER, Clea"]
[Black "BERRAD, Ines"]
[Result "0-1"]
[WhiteElo "1267"]
[BlackElo "1185"]
[PlyCount "98"]
[EventDate "2020.??.??"]
[SourceVersionDate "2020.03.27"]

1. e4 d5 2. exd5 Qxd5 3. Nc3 Qa5 4. d4 Nf6 5. Bd2 c6 6. Bc4 Qc7 7. Nf3 Bf5 8.
h3 h5 9. Qe2 e6 10. O-O-O Nbd7 11. Rhe1 O-O-O 12. Ne5 Nb6 13. Be3 Ne4 14. Nxe4
Bxe4 15. f3 Bf5 16. Bd3 Bxd3 17. Nxd3 Nd5 18. Bg5 Be7 19. Bxe7 Nxe7 20. Ne5 Nf5
21. Qc4 Rd5 22. Rd3 Rhd8 23. Red1 Nxd4 (23... f6) 24. Rxd4 Qxe5 25. Rxd5 Rxd5
26. Rxd5 exd5 27. Qd3 Qe1+ 28. Qd1 Qxd1+ 29. Kxd1 Kd7 30. Ke2 Ke6 31. Ke3 c5
32. c3 g5 33. g4 h4 34. f4 f6 35. f5+ Ke5 36. a3 d4+ 37. cxd4+ cxd4+ 38. Kd3
Kd5 39. b3 b5 40. a4 bxa4 41. bxa4 a5 42. Kd2 Ke4 43. Ke2 d3+ 44. Kd2 Kf3 45.
Kxd3 Kg2 46. Kd4 Kxh3 47. Kd5 Kxg4 48. Ke6 h3 49. Kxf6 h2 0-1

[Event "Plaisance Ferme de L'Houme Op-B 4th"]
[Site "?"]
[Date "2020.02.08"]
[Round "3.34"]
[White "ROULLEAUX, Nicolas"]
[Black "COURDIL, Romain"]
[Result "0-1"]
[WhiteElo "1181"]
[BlackElo "1009"]
[PlyCount "76"]
[EventDate "2020.??.??"]
[SourceVersionDate "2020.03.27"]

1. d4 d5 2. e3 e6 3. Nf3 Bd7 4. c4 dxc4 5. Bxc4 Nc6 6. O-O Nf6 7. a3 Be7 8. Qe2
O-O 9. b4 a6 10. Nc3 Bd6 11. Bb2 e5 12. d5 Nb8 13. Rad1 e4 14. Nd2 Bg4 15. f3
exf3 16. Nxf3 Bxf3 17. Rxf3 c6 18. e4 Qe8 19. Re3 c5 20. e5 cxb4 21. exf6 Qd8
22. axb4 Qxf6 23. Rf1 Qd8 24. Ba3 f6 25. Qg4 Qd7 26. Qh4 h6 27. Qe1 a5 28. Nb5
axb4 29. Bxb4 Bxb4 30. Qxb4 Re8 31. Rxe8+ Qxe8 32. d6+ Kh7 33. Nc7 Qe3+ 34. Kh1
Ra3 35. Nd5 Qd4 36. Nb6 Ra1 37. h3 Rxf1+ 38. Bxf1 Qxb4 0-1

[Event "Plaisance Ferme de L'Houme Op-B 4th"]
[Site "?"]
[Date "2020.02.09"]
[Round "4.1"]
[White "MARIAME, Bernard"]
[Black "GRIMAULT, Leane"]
[Result "1-0"]
[WhiteElo "1399"]
[BlackElo "1455"]
[PlyCount "99"]
[EventDate "2020.??.??"]
[SourceVersionDate "2020.03.28"]

1. d4 d5 2. Nf3 Nf6 3. Bf4 c5 4. e3 Nc6 5. c3 Qb6 6. Qb3 c4 7. Qxb6 axb6 8.
Nbd2 b5 9. Be2 e6 10. O-O b4 11. cxb4 Bxb4 12. a3 Be7 13. Rfc1 O-O 14. Ne5 Nxe5
15. dxe5 Nd7 16. e4 Nc5 17. exd5 exd5 18. Be3 Bf5 19. g4 Bd7 20. b4 Ne6 21. Nf3
f6 22. Rd1 Nc7 23. Bxc4 Bxg4 24. Rxd5 Nxd5 25. Bxd5+ Kh8 26. Bxb7 Rab8 27. Be4
fxe5 28. Nxe5 Bf6 29. f4 Rfe8 30. Bd4 Bxe5 31. Bxe5 Rb5 32. Bc6 Rexe5 33. fxe5
Rxe5 34. b5 Be2 35. a4 Bd3 36. Kf2 g6 37. Re1 Rf5+ 38. Ke3 Bc4 39. Kd4 Bb3 40.
a5 Ba4 41. Rb1 Rf4+ 42. Kc5 Rf5+ 43. Kb6 h5 44. a6 Rf8 45. a7 g5 46. Re1 Bb3
47. Re8 Rxe8 48. Bxe8 Bd5 49. Bc6 Bxc6 50. bxc6 1-0

[Event "Plaisance Ferme de L'Houme Op-B 4th"]
[Site "?"]
[Date "2020.02.09"]
[Round "4.2"]
[White "COUET, Justin"]
[Black "FESIGNY, Oceane"]
[Result "1/2-1/2"]
[WhiteElo "1343"]
[BlackElo "1426"]
[PlyCount "49"]
[EventDate "2020.??.??"]
[SourceVersionDate "2020.03.28"]

1. e4 e5 2. Nf3 Nc6 3. Bc4 Bc5 4. c3 Nf6 5. d4 exd4 6. cxd4 Bb4+ 7. Bd2 Bxd2+
8. Nbxd2 d6 9. h3 O-O 10. O-O d5 11. exd5 Nxd5 12. Re1 Nb6 13. Qb3 Nxd4 14.
Nxd4 Qxd4 15. Bxf7+ Kh8 16. Nf3 Qf6 17. Be6 Bxe6 18. Rxe6 Qf7 19. Re3 Qxb3 20.
Rxb3 Rfe8 21. Re3 Rxe3 22. fxe3 Re8 23. Re1 Nc4 24. Rc1 Nxe3 25. Rxc7 1/2-1/2

[Event "Plaisance Ferme de L'Houme Op-B 4th"]
[Site "?"]
[Date "2020.02.09"]
[Round "4.3"]
[White "PERROUIN, Alexian"]
[Black "ROUMEGUERE, Gabin"]
[Result "1/2-1/2"]
[WhiteElo "1559"]
[BlackElo "1309"]
[PlyCount "84"]
[EventDate "2020.??.??"]
[SourceVersionDate "2020.03.28"]

1. e4 e5 2. Nf3 Nc6 3. Bc4 Nf6 4. d3 Bc5 5. c3 d5 6. exd5 Nxd5 7. Qb3 Nf4 8.
Bxf4 exf4 9. Bxf7+ Kf8 10. Bc4 Qe7+ 11. Kf1 Na5 12. Qa4 Nxc4 13. Qxc4 Bd6 14.
Nbd2 Be6 15. Qb5 Rb8 16. Re1 Qd7 17. Qxd7 Bxd7 18. Nc4 Bb5 19. Nd4 Bxc4 20.
dxc4 Kf7 21. Ke2 Rbd8 22. Rd1 Rhe8+ 23. Kf3 g5 24. Nf5 h5 25. Nxd6+ Rxd6 26.
Rxd6 cxd6 27. Rd1 g4+ 28. Kxf4 Re2 29. Kg3 Rxb2 30. Rxd6 h4+ 31. Kxh4 Rxf2 32.
Kg3 Rxa2 33. Rd7+ Ke6 34. Rxb7 Kd6 35. h4 gxh3 36. gxh3 Rc2 37. Rxa7 Rxc3+ 38.
Kg4 Rxc4+ 39. Kg5 Rc8 40. Ra4 Ke7 41. h4 Kf7 42. Kh5 Rc6 1/2-1/2

[Event "Plaisance Ferme de L'Houme Op-B 4th"]
[Site "?"]
[Date "2020.02.09"]
[Round "4.4"]
[White "BARRAU, Leanna"]
[Black "MENDI, Eduardo"]
[Result "1-0"]
[WhiteElo "1408"]
[BlackElo "1554"]
[PlyCount "95"]
[EventDate "2020.??.??"]
[SourceVersionDate "2020.03.28"]

1. d4 d5 2. Nf3 e6 3. Bf4 Nf6 4. e3 Bd6 5. Bxd6 cxd6 6. c3 O-O 7. Be2 Nc6 8.
O-O Bd7 9. Nbd2 a6 10. Qc2 Rc8 11. Qb3 Qc7 12. Rac1 b5 13. Rfe1 Ne4 14. Bd3 f5
15. Qa3 Na5 16. b3 Qb6 17. c4 dxc4 18. Bxe4 fxe4 19. Nxe4 b4 20. Qb2 c3 21. Qc2
Nb7 22. Ra1 a5 23. a3 Ra8 24. Neg5 g6 25. Qe4 d5 26. Qh4 h5 27. g4 Be8 28. gxh5
gxh5 29. Qg3 Qd6 30. Qxd6 Nxd6 31. axb4 Bd7 32. bxa5 Ne4 33. Nxe4 dxe4 34. Ne5
Bb5 35. Rec1 Rfc8 36. b4 Bd3 37. Ra3 c2 38. Nxd3 exd3 39. Rxd3 Rc4 40. Rb3 Kf7
41. Kf1 Ke7 42. Ke2 Kd6 43. Kd2 Rac8 44. b5 e5 45. a6 exd4 46. exd4 Kd5 47. a7
Rxd4+ 48. Ke3 1-0